01117nam a2200277 a 450000100060000000300080000600500170001400800410003103500190007204000350009104100080012608200280013410000350016224500780019726000490027530000350032450000810035950400510044065000400049165100440053165100400057571000540061594200120066999900170068195201410069845255BD-RjUL20211209054003.0160725s1965 enka b 001 0 eng  a(BD-RjUL)45373 dBD-RjULaBD-RjULbengcBD-RjUL aeng a338.95496223bMIF 19651 aMihaly, Eugene Bramer.913862410aForeign aid and politics in Nepal :ba case study /cEugene Bramer Mihaly aNew York :bOxford University Press,cc1965. aviii, 202 p. :bill. ;c22 cm. a"Issued under the auspices of the Royal Institute of International Affairs." aIncludes index and Bibliography: p. [195]-199. 0aEconomic assistancezNepal.9138625 0aNepalxPolitics and government.9126776 0aNepalxEconomic conditions.91386262 aRoyal Institute of International Affairs.9138627 2ddccBK c45255d45255 00102ddc40708NFICaRUCLbRUCLcStackd1970-09-24eZeetlingerg42.00l0o338.95496 MIF 1965r2016-07-25 00:00:00tC-2w2016-07-25yBK